000 00309nam a22001217a 4500
008 160511b xxu||||| |||| 00| 0 eng d
020 _a9780073538778
020 _a0073538779
041 _aeng
080 _a316.77
245 _aPresentational speaking: theory and practice:
_cMelanie Morgan;
942 _2udc
_cBK
999 _c2018
_d2018